I 10 paesi con omicida seriale - Statistics

Statistiche generali
  • Questo quiz è stato fatto 291 volte
  • Il punteggio medio è 6 su 10
Statistiche sulle risposte
Paesi % Corretto
94 Italia
91%
70 Russia
84%
2,743 Stati Uniti d'America
82%
75 Germania
80%
91 Giappone
71%
101 Canada
68%
65 India
59%
75 Australia
53%
112 Sudafrica
29%
145 Regno Uniti
13%
Nessun quiz corrispondente trovato
Distribuzione punteggi
Percentuale di utenti per punteggio
Percentile per numero di risposta
I tuoi punteggi nel tempo
Non hai fatto questo quiz